000 00660nam a2200217 a 4500
001 BRCA_6807
005 20190320205611.0
008 031111s19131914gw-#######---#000-0#ger-#
041 _ager
044 _agw
050 4 _aQB8
_b.N3
245 1 0 _aNautisches Jahrbuch oder Ephemeriden und Tafeln
_bfur das Jahr 1913
_cHerausgegeben von Reichsamt des Innern.
260 _aBerlín
_bCarl Heymanns
_c1910
300 _a2 v.
_c22 cm.
500 _aLa biblioteca cuenta con el v. de 1913 y el v. de 1914
500 _aL129
650 1 4 _aAlmanaques náuticos
_vPeriódicos
_916976
650 1 4 _aEfemérides
_vPeriódicos
_916977
902 _aGFM
942 _2lcc
_cB
999 _c6490
_d6490